000 00280nam a22001097a 4500
041 _aeng
080 _a80
100 _aТурчина, П. Е.
245 _aФранцузско-русский политехнический словарь.
650 _aReference
999 _c280694
_d280694
942 _cBK